Consolidación de estados financieros: (Registro nro. 8859)

Detalles MARC
000 -LEADER
fixed length control field 01077nam a2200205Ia 4500
005 - FECHA Y HORA DE LA ÚLTIMA TRANSACCIÓN
control field 20230811091124.0
008 - FIXED-LENGTH DATA ELEMENTS--GENERAL INFORMATION
fixed length control field 230809s9999 xx 000 0 und d
020 ## - INTERNATIONAL STANDARD BOOK NUMBER
International Standard Book Number 978-607-15-0599-6
040 ## - CATALOGING SOURCE
Original cataloging agency UPAN
Transcribing agency Biblioteca San Vicente
Description conventions RCAA2
041 ## - LANGUAGE CODE
Language code of text/sound track or separate title spa
082 ## - DEWEY DECIMAL CLASSIFICATION NUMBER
Classification number 657.3
Item number M378c
año de publicación 2010
100 ## - MAIN ENTRY--PERSONAL NAME
Personal name Martínez Castillo, Aureliano
Relator code aut.
245 #0 - TITLE STATEMENT
Title Consolidación de estados financieros:
Remainder of title Contabilidad avanzada para grupos de empresa/
Statement of responsibility, etc Aureliano Martínez Castillo
250 ## - EDITION STATEMENT
Edition statement 3ª ed
260 ## - PUBLICATION, DISTRIBUTION, ETC. (IMPRINT)
Place of publication, distribution, etc México:
Name of publisher, distributor, etc McGraw Hill,
Date of publication, distribution, etc 2010
300 ## - PHYSICAL DESCRIPTION
Extent 461 p.;
Dimensions 23 cm.
505 ## - FORMATTED CONTENTS NOTE
Formatted contents note 1. Crecimiento empresarial<br/>2. Formación de grupos empresariales<br/>3. Adquisiciones de negocios<br/>4. Inversiones en instrumentos financieros de deuda y de capital<br/>5. Consolidad de estados financieros <br/>6. Asientos de consolidación <br/>7.Marco financiero de las transacciones con monedas extranjeras<br/>8. Procedimientos para el registro contable de las transacciones con monedas extranjeras y la conversión de operaciones extranjeras <br/>
650 ## - SUBJECT ADDED ENTRY--TOPICAL TERM
Source of heading or term LEMB
General subdivision Estados financieros
942 ## - ADDED ENTRY ELEMENTS (KOHA)
Koha item type Libros
Source of classification or shelving scheme Dewey Decimal Classification
Existencias
Withdrawn status Lost status Source of classification or shelving scheme Damaged status Not for loan Collection code Home library Current library Date acquired Total Checkouts Full call number Barcode Date last seen Copy number Price effective from Koha item type
    Dewey Decimal Classification     Colección General Biblioteca UPAN San Vicente Biblioteca UPAN San Vicente 09/08/2023   657.3 M378c 12002694 09/08/2023 01 09/08/2023 Libros
    Dewey Decimal Classification     Colección General Biblioteca UPAN San Vicente Biblioteca UPAN San Vicente 11/08/2023   657.3 M378c 12002692 11/08/2023 02 11/08/2023 Libros
    Dewey Decimal Classification     Colección General Biblioteca UPAN San Vicente Biblioteca UPAN San Vicente 11/08/2023   657.3 M378c 12002693 11/08/2023 03 11/08/2023 Libros